<?xml version='1.0' encoding='UTF-8'?>
  <record xmlns="http://www.loc.gov/MARC21/slim">
    <leader>00000cam a2200000 i 4500</leader>
    <controlfield tag="001">ocm65291522</controlfield>
    <controlfield tag="003">OCoLC</controlfield>
    <controlfield tag="005">20260122195706.8</controlfield>
    <controlfield tag="008">900616s1872    ne            000 0 fre d</controlfield>
    <datafield tag="040" ind1=" " ind2=" ">
      <subfield code="a">NLGGC</subfield>
      <subfield code="b">dut</subfield>
      <subfield code="e">fobidrtb</subfield>
      <subfield code="c">NLGGC</subfield>
      <subfield code="d">OCLCO</subfield>
      <subfield code="d">OCLCL</subfield>
      <subfield code="d">OCLCA</subfield>
      <subfield code="d">OCLCQ</subfield>
    </datafield>
    <datafield tag="029" ind1="0" ind2=" ">
      <subfield code="a">NLGGC</subfield>
      <subfield code="b">062924370</subfield>
    </datafield>
    <datafield tag="035" ind1=" " ind2=" ">
      <subfield code="a">(OCoLC)65291522</subfield>
    </datafield>
    <datafield tag="245" ind1="0" ind2="0">
      <subfield code="a">Catalogue de la collection précieuse d'autographes, de quelques manuscrits historiques, albums, etc., delaissée par Mr. Louis Caspar Luzac, ... :</subfield>
      <subfield code="b">autographes français, américains, anglais, etc. ... : La vente se fera à Amsterdam, vendredi le 20 décembre 1872, par les libraires Frederik Muller et Frères van der Hoek.</subfield>
    </datafield>
    <datafield tag="246" ind1="3" ind2=" ">
      <subfield code="a">Catalogue de manuscrits et autographes</subfield>
    </datafield>
    <datafield tag="260" ind1=" " ind2=" ">
      <subfield code="a">Amsterdam :</subfield>
      <subfield code="b">Frederik Muller ;</subfield>
      <subfield code="a">Leide :</subfield>
      <subfield code="b">Frères van der Hoek,</subfield>
      <subfield code="c">1872.</subfield>
    </datafield>
    <datafield tag="300" ind1=" " ind2=" ">
      <subfield code="a">91 p. ;</subfield>
      <subfield code="c">23 cm.</subfield>
    </datafield>
    <datafield tag="336" ind1=" " ind2=" ">
      <subfield code="a">tekst</subfield>
      <subfield code="b">txt</subfield>
      <subfield code="2">rdacontent/dut</subfield>
    </datafield>
    <datafield tag="337" ind1=" " ind2=" ">
      <subfield code="a">zonder medium</subfield>
      <subfield code="b">n</subfield>
      <subfield code="2">rdamedia/dut</subfield>
    </datafield>
    <datafield tag="338" ind1=" " ind2=" ">
      <subfield code="a">band</subfield>
      <subfield code="b">nc</subfield>
      <subfield code="2">rdacarrier/dut</subfield>
    </datafield>
    <datafield tag="530" ind1=" " ind2=" ">
      <subfield code="a">Boek wordt verfilmd Metamorfoze UBU.</subfield>
    </datafield>
    <datafield tag="530" ind1=" " ind2=" ">
      <subfield code="a">Titel is geselecteerd voor digitalisering voor de Universiteit van Leiden in het kader van het Google Books-project.</subfield>
    </datafield>
    <datafield tag="600" ind1="1" ind2="4">
      <subfield code="a">Luzac, Lodewijk Caspar,</subfield>
      <subfield code="d">1786-1861.</subfield>
      <subfield code="0">(NL-LeOCL)069855951</subfield>
    </datafield>
    <datafield tag="650" ind1="1" ind2="7">
      <subfield code="a">Handschriften.</subfield>
      <subfield code="2">gtt</subfield>
      <subfield code="0">(NL-LeOCL)078529840</subfield>
    </datafield>
    <datafield tag="655" ind1=" " ind2="7">
      <subfield code="a">Veilingcatalogi (vorm)</subfield>
      <subfield code="2">gtt</subfield>
      <subfield code="0">(NL-LeOCL)088145069</subfield>
    </datafield>
    <datafield tag="700" ind1="1" ind2=" ">
      <subfield code="a">Luzac, L.C.</subfield>
      <subfield code="q">(Lodewijk Caspar),</subfield>
      <subfield code="d">1786-1861</subfield>
      <subfield code="1">https://id.oclc.org/worldcat/entity/E39PBJfWYJfcrvfvjcDWrvmmVC</subfield>
    </datafield>
    <datafield tag="710" ind1="2" ind2=" ">
      <subfield code="a">Frederik Muller (Amsterdam)</subfield>
    </datafield>
    <datafield tag="710" ind1="2" ind2=" ">
      <subfield code="a">Gebroeders van der Hoek (Leiden)</subfield>
      <subfield code="0">(NL-LeOCL)075345188</subfield>
    </datafield>
    <datafield tag="776" ind1="0" ind2=" ">
      <subfield code="t">Catalogue de la collection précieuse d'autographes, de quelques manuscrits historiques, albums, etc., delaissée par Mr. Louis Caspar Luzac, ...</subfield>
      <subfield code="w">(NL-LeOCL)411394665</subfield>
    </datafield>
    <datafield tag="776" ind1="0" ind2=" ">
      <subfield code="t">Catalogue de la collection précieuse d'autographes, de quelques manuscrits historiques, albums, etc., delaissée par Mr. Louis Caspar Luzac, ...</subfield>
      <subfield code="w">(NL-LeOCL)411394673</subfield>
    </datafield>
    <datafield tag="936" ind1=" " ind2=" ">
      <subfield code="a">BATCHLOAD</subfield>
    </datafield>
  </record>